[Event "BL2-Nord 2122"]
[Site "Germany"]
[Date "2022.07.02"]
[Round "9.7"]
[White "Eichstaedt, Enrico"]
[Black "Stenner, Patrick"]
[Result "0-1"]
[WhiteElo "1923"]
[BlackElo "2261"]
[PlyCount "80"]
[EventDate "2022.03.05"]
[EventType "team-tourn"]
[EventRounds "10"]
[EventCountry "GER"]
[SourceTitle "EXT 2023"]
[Source "ChessBase"]
[SourceDate "2022.10.05"]
[SourceVersion "1"]
[SourceVersionDate "2022.10.05"]
[SourceQuality "1"]
[WhiteTeam "Norderstedt"]
[BlackTeam "St Pauli"]
[WhiteTeamCountry "GER"]
[BlackTeamCountry "GER"]

1. e4 c6 2. d4 d5 3. exd5 cxd5 4. c4 Nf6 5. Nc3 g6 6. cxd5 Nxd5 7. Bc4 Nb6 8. Bb3 Bg7 9. Nge2 0-0 10. 0-0 Nc6 11. Be3 Na5 12. d5 Nac4 13. Bxb6 Nxb6 14. Re1 Bd7 15. Nd4 Nc8 16. Qd3 Nd6 17. Na4 Rc8 18. Rac1 Qa5 19. Nc3 Rfe8 20. Ne4 Rxc1 21. Rxc1 Qb4 22. Nxd6 exd6 23. Nf3 Bxb2 24. Rc4 Qa5 25. Re4 Rc8 26. Rc4 Re8 27. Re4 Qc3 28. Qxc3 Bxc3 29. Rxe8+ Bxe8 30. Bc4 h6 31. Kf1 Kf8 32. Ke2 b5 33. Bb3 Ke7 34. h3 Kd7 35. Nh2 Kc7 36. Ng4 Bg7 37. Kd3 Kb6 38. Ne3 Kc5 39. Nc2 Bd7 40. g4 a5 0-1

[Event "Hamburg-chT Landesliga 1920"]
[Site "Hamburg"]
[Date "2020.02.09"]
[Round "6.4"]
[White "Zart, Ruediger"]
[Black "Stenner, Patrick"]
[Result "1/2-1/2"]
[WhiteElo "2103"]
[BlackElo "2265"]
[PlyCount "106"]
[EventDate "2019.09.29"]
[EventType "team-tourn"]
[EventRounds "9"]
[EventCountry "GER"]
[SourceTitle "EXT 2021"]
[Source "ChessBase"]
[SourceDate "2020.10.23"]
[SourceVersion "1"]
[SourceVersionDate "2020.10.23"]
[SourceQuality "1"]

1. e4 c6 2. d4 d5 3. e5 c5 4. dxc5 e6 5. a3 Bxc5 6. b4 Be7 7. Qg4 g6 8. Nf3 a5 9. b5 Nd7 10. Bd3 Qc7 11. Qg3 Nc5 12. 0-0 a4 13. Bd2 Bd7 14. Nc3 Kf8 15. Be2 Kg7 16. Nd4 h5 17. Bg5 h4 18. Qf4 Bxg5 19. Qxg5 Qa5 20. Qe3 Rc8 21. Nb1 Ne7 22. Nd2 Nf5 23. Nxf5+ exf5 24. c4 Ne6 25. cxd5 Rc3 26. Nc4 Rxe3 27. Nxa5 Rxe2 28. dxe6 fxe6 29. Rfe1 Bxb5 30. Nxb7 Rc8 31. Nd6 Rcc2 32. Rxe2 Bxe2 33. f4 h3 34. gxh3 Bf3 35. Rb1 Rg2+ 36. Kf1 Rxh2 37. Rb4 Rxh3 38. Rxa4 Bd5 39. Ne8+ Kf7 40. Nf6 Bc6 41. Ra7+ Kf8 42. Nh7+ Ke8 43. Ng5 Rh1+ 44. Kf2 Bd5 45. a4 Rc1 46. a5 Rc4 47. Ke3 Rc3+ 48. Kd4 Rc4+ 49. Ke3 Ra4 50. Rg7 Rxa5 51. Rxg6 Kd7 52. Rg7+ Kd8 53. Rg6 Ke7 1/2-1/2

[Event "BL2-Nord 1920"]
[Site "Germany"]
[Date "2019.12.07"]
[Round "5.8"]
[White "Szyszylo, Rafal"]
[Black "Stenner, Patrick"]
[Result "1/2-1/2"]
[WhiteElo "2258"]
[BlackElo "2242"]
[PlyCount "39"]
[EventDate "2019.10.19"]
[EventType "team-tourn"]
[EventRounds "9"]
[EventCountry "GER"]
[SourceTitle "CBM 194 Extra"]
[Source "ChessBase"]
[SourceDate "2020.03.31"]
[SourceVersion "1"]
[SourceVersionDate "2020.03.31"]
[SourceQuality "1"]
[WhiteTeam "Ruedersdorf Glueckauf"]
[BlackTeam "St Pauli"]
[WhiteTeamCountry "GER"]
[BlackTeamCountry "GER"]

1. e4 c6 2. d4 d5 3. e5 c5 4. Nf3 cxd4 5. Nxd4 e6 6. Nd2 Nc6 7. N2f3 Nge7 8. Nxc6 bxc6 9. Bd3 Ba6 10. 0-0 Bxd3 11. cxd3 Nf5 12. Bg5 Qd7 13. d4 h6 14. Bd2 Rb8 15. g4 Ne7 16. b4 Nc8 17. Qc2 Nb6 18. Rab1 Be7 19. Rb3 Nc4 20. Kg2 1/2-1/2

[Event "BL2-Nord 1819"]
[Site "Germany"]
[Date "2018.11.11"]
[Round "2.8"]
[White "Stenner, Patrick"]
[Black "Lampe, Dirk"]
[Result "1-0"]
[WhiteElo "2258"]
[BlackElo "2146"]
[PlyCount "85"]
[EventDate "2018.11.10"]
[EventType "team-tourn"]
[EventRounds "10"]
[EventCountry "GER"]
[SourceTitle "CBM 190 Extra"]
[Source "ChessBase"]
[SourceDate "2019.07.15"]
[SourceVersion "1"]
[SourceVersionDate "2019.07.15"]
[SourceQuality "1"]
[WhiteTeam "St Pauli"]
[BlackTeam "Luebeck"]
[WhiteTeamCountry "GER"]
[BlackTeamCountry "GER"]

1. d4 Nf6 2. c4 g6 3. Nf3 Bg7 4. g3 0-0 5. Bg2 d6 6. 0-0 c5 7. Nc3 Nc6 8. dxc5 dxc5 9. Be3 Qa5 10. Qb3 Ng4 11. Bd2 Nd4 12. Nxd4 cxd4 13. Qb5 Qd8 14. Nd5 e6 15. Ba5 b6 16. Ne7+ Qxe7 17. Bb4 Qc7 18. Bxf8 Bd7 19. Qg5 Rxf8 20. Qxg4 e5 21. Qe4 Qxc4 22. Rfc1 Qb4 23. b3 Bf5 24. Qb7 Qd2 25. Rc7 e4 26. Rac1 Qxe2 27. Bf1 Qb2 28. R1c2 Qb1 29. Rc1 Qb2 30. g4 d3 31. Bxd3 exd3 32. gxf5 Be5 33. Rc8 Bxh2+ 34. Kxh2 Qxf2+ 35. Qg2 Qh4+ 36. Kg1 Qd4+ 37. Qf2 Qg4+ 38. Kf1 Qh3+ 39. Ke1 Rxc8 40. Rxc8+ Kg7 41. f6+ Kh6 42. Rc4 g5 43. Kd2 1-0

[Event "BL2-Nord 1718"]
[Site "Germany"]
[Date "2018.04.15"]
[Round "9.6"]
[White "Charmeteau, Sven"]
[Black "Stenner, Patrick"]
[Result "1-0"]
[WhiteElo "2323"]
[BlackElo "2223"]
[PlyCount "60"]
[EventDate "2017.10.08"]
[EventType "team-tourn"]
[EventRounds "9"]
[EventCountry "GER"]
[SourceTitle "EXT 2019"]
[Source "ChessBase"]
[SourceDate "2018.10.10"]
[SourceVersion "1"]
[SourceVersionDate "2018.10.10"]
[SourceQuality "1"]
[WhiteTeam "Werder Bremen II"]
[BlackTeam "St Pauli"]
[WhiteTeamCountry "GER"]
[BlackTeamCountry "GER"]

1. e4 c6 2. d4 d5 3. Nd2 dxe4 4. Nxe4 Nf6 5. Nxf6+ exf6 6. Nf3 Bd6 7. Be2 0-0 8. 0-0 Re8 9. h3 Nd7 10. Re1 Nf8 11. Be3 Be6 12. c4 Ng6 13. Qc2 Qd7 14. Bf1 Rac8 15. Rad1 Bb8 16. Bc1 h5 17. Re3 Qd6 18. Bd3 Nf4 19. Bh7+ Kf8 20. Bf5 g6 21. Bxe6 Nxe6 22. Rde1 Kg7 23. Kf1 Red8 24. Rd1 a6 25. b3 Ba7 26. Bb2 Bc5 27. Rxe6 fxe6 28. Nh4 Kf8 29. Qxg6 Qe7 30. Qxh5 Qf7 1-0

[Event "BL2-Nord 1718"]
[Site "Germany"]
[Date "2018.03.18"]
[Round "8.7"]
[White "Meissner, Felix"]
[Black "Stenner, Patrick"]
[Result "1/2-1/2"]
[WhiteElo "2339"]
[BlackElo "2223"]
[PlyCount "103"]
[EventDate "2017.10.08"]
[EventType "team-tourn"]
[EventRounds "9"]
[EventCountry "GER"]
[SourceTitle "CBM 183 Extra"]
[Source "ChessBase"]
[SourceDate "2018.04.19"]
[SourceVersion "1"]
[SourceVersionDate "2018.04.19"]
[SourceQuality "1"]
[WhiteTeam "Hamburger SK II"]
[BlackTeam "St Pauli"]
[WhiteTeamCountry "GER"]
[BlackTeamCountry "GER"]

1. c4 c6 2. Nf3 Nf6 3. g3 d5 4. cxd5 cxd5 5. Bg2 Nc6 6. d4 Bf5 7. 0-0 h6 8. Qb3 Qb6 9. Qxb6 axb6 10. Nc3 e6 11. Nb5 Ra5 12. Nc3 Bd6 13. Bd2 Ke7 14. a3 Rc8 15. Rac1 Bh7 16. Rfd1 Rd8 17. e3 Ne8 18. Bf1 Nc7 19. Be1 Raa8 20. Nd2 f6 21. f3 g5 22. Bf2 Kf7 23. e4 Be7 24. exd5 exd5 25. Nb5 Nxb5 26. Bxb5 Rac8 27. b4 Bf5 28. g4 Bg6 29. Nf1 Bd6 30. Bg3 Bf4 31. Bxf4 gxf4 32. Kf2 Rh8 33. Ba4 Ke6 34. Rd2 Kd6 35. Re1 Rhe8 36. Rxe8 Rxe8 37. Bxc6 bxc6 38. a4 Ra8 39. Ra2 Bd3 40. a5 Bc4 41. Ra1 c5 42. bxc5+ bxc5 43. dxc5+ Kxc5 44. Nd2 Kb4 45. Nxc4 dxc4 46. a6 c3 47. Rb1+ Kc4 48. Rb6 Kc5 49. Rb3 Kd4 50. Rb4+ Kc5 51. Rb3 Kc4 52. Rb6 1/2-1/2

[Event "EU-ch blitz"]
[Site "Katowice"]
[Date "2017.12.15"]
[Round "15"]
[White "Radnai, Adam"]
[Black "Stenner, Patrick"]
[Result "0-1"]
[WhiteElo "2266"]
[BlackElo "2248"]
[PlyCount "66"]
[EventDate "2017.12.15"]
[EventType "swiss (blitz)"]
[EventRounds "22"]
[EventCountry "POL"]
[SourceTitle "CBM 182 Extra"]
[Source "ChessBase"]
[SourceDate "2018.02.23"]
[SourceVersion "1"]
[SourceVersionDate "2018.02.23"]
[SourceQuality "1"]

1. d4 g6 2. e4 c6 3. Nf3 Bg7 4. Nc3 d5 5. h3 dxe4 6. Nxe4 Nf6 7. Nxf6+ exf6 8. Bd3 0-0 9. 0-0 a5 10. c3 Na6 11. Bf4 Nc7 12. Re1 Nd5 13. Bh2 Be6 14. Qc2 Re8 15. Re2 Qd7 16. Rae1 Bh6 17. Re4 Kg7 18. a3 a4 19. c4 Nb6 20. Qc3 Red8 21. R4e2 Re8 22. g4 Kg8 23. Kh1 Bg7 24. Qc2 Red8 25. Rd1 h5 26. gxh5 g5 27. h4 Bg4 28. Re3 gxh4 29. Rg1 Kh8 30. Be4 Bh6 31. Re2 f5 32. Bd3 Bxf3+ 33. Rg2 Rg8 0-1

[Event "EU-ch blitz"]
[Site "Katowice"]
[Date "2017.12.15"]
[Round "12"]
[White "Stenner, Patrick"]
[Black "Dudzinski, Pawel"]
[Result "1-0"]
[WhiteElo "2248"]
[BlackElo "2241"]
[PlyCount "121"]
[EventDate "2017.12.15"]
[EventType "swiss (blitz)"]
[EventRounds "22"]
[EventCountry "POL"]
[SourceTitle "CBM 182 Extra"]
[Source "ChessBase"]
[SourceDate "2018.02.23"]
[SourceVersion "1"]
[SourceVersionDate "2018.02.23"]
[SourceQuality "1"]

1. e4 c6 2. d4 d5 3. e5 Bf5 4. g4 Be4 5. f3 Bg6 6. e6 Qd6 7. exf7+ Bxf7 8. Ne2 Nd7 9. c3 e5 10. Bg2 0-0-0 11. 0-0 Ngf6 12. h3 Qc7 13. f4 exf4 14. Bxf4 Bd6 15. Bxd6 Qxd6 16. g5 Bh5 17. gxf6 gxf6 18. Bf3 Rhg8+ 19. Kh1 Rg3 20. Ng1 Rxf3 21. Rxf3 Rg8 22. Nd2 Rg3 23. Qf1 Bxf3+ 24. Ndxf3 Nf8 25. Ne2 Rg6 26. Qf2 Ne6 27. Rg1 Ng5 28. Nxg5 fxg5 29. Qg3 Qe6 30. Qg4 Kd7 31. Qxe6+ Rxe6 32. Ng3 h6 33. Rf1 Re3 34. Kg2 Rd3 35. Rf7+ Kc8 36. Rf2 Kc7 37. Nf5 h5 38. Ng7 g4 39. h4 Rh3 40. Nf5 Rd3 41. Ng3 a5 42. Nxh5 Rh3 43. Nf6 Rxh4 44. Rf4 Rh6 45. Nxg4 Re6 46. Kf2 Kb6 47. Ne5 Rh6 48. Ke2 Rh2+ 49. Rf2 Rh3 50. Nd3 Kb5 51. Kd2 a4 52. a3 b6 53. Nb4 c5 54. dxc5 bxc5 55. Nxd5 Kc4 56. Nf4 Rh8 57. Kc2 Rf8 58. Nd3 Rd8 59. Rf4+ Kb5 60. Rf5 Rc8 61. Rxc5+ 1-0

[Event "EU-ch blitz"]
[Site "Katowice"]
[Date "2017.12.15"]
[Round "17"]
[White "Stenner, Patrick"]
[Black "Tomczak, Mikolaj"]
[Result "0-1"]
[WhiteElo "2248"]
[BlackElo "2372"]
[PlyCount "56"]
[EventDate "2017.12.15"]
[EventType "swiss (blitz)"]
[EventRounds "22"]
[EventCountry "POL"]
[SourceTitle "CBM 182 Extra"]
[Source "ChessBase"]
[SourceDate "2018.02.23"]
[SourceVersion "1"]
[SourceVersionDate "2018.02.23"]
[SourceQuality "1"]

1. e4 c5 2. Nc3 g6 3. f4 Bg7 4. Nf3 Nc6 5. Bb5 Nd4 6. Bd3 e6 7. Nxd4 cxd4 8. Nb5 d6 9. c3 dxc3 10. bxc3 a6 11. Qa4 Kf8 12. Nxd6 Ne7 13. Ba3 Bd7 14. Qb3 Bc6 15. 0-0 Qd7 16. Rab1 Kg8 17. Bc2 Bf8 18. f5 exf5 19. exf5 Nd5 20. fxg6 Bxd6 21. Rxf7 Qe6 22. Bf5 Qe5 23. Bxd6 Qxd6 24. c4 hxg6 25. cxd5 Bxd5 26. Qd3 Qxh2+ 27. Kf1 Qxg2+ 28. Ke1 Rh1+ 0-1

[Event "EU-ch blitz"]
[Site "Katowice"]
[Date "2017.12.15"]
[Round "14"]
[White "Tate, Alan"]
[Black "Stenner, Patrick"]
[Result "1/2-1/2"]
[WhiteElo "2358"]
[BlackElo "2248"]
[PlyCount "77"]
[EventDate "2017.12.15"]
[EventType "swiss (blitz)"]
[EventRounds "22"]
[EventCountry "POL"]
[SourceTitle "CBM 182 Extra"]
[Source "ChessBase"]
[SourceDate "2018.02.23"]
[SourceVersion "1"]
[SourceVersionDate "2018.02.23"]
[SourceQuality "1"]

1. Nf3 d5 2. g3 Nf6 3. Bg2 c6 4. 0-0 Bf5 5. c4 e6 6. Qb3 Qb6 7. d3 Na6 8. cxd5 Qxb3 9. axb3 exd5 10. Nd4 Bd7 11. e4 dxe4 12. dxe4 Nb4 13. Nc3 Bc5 14. Rd1 0-0 15. Nce2 Bg4 16. f3 Nc2 17. Ra4 b5 18. Ra6 Rfd8 19. fxg4 Nxd4 20. Nxd4 Bxd4+ 21. Kf1 Nxg4 22. h3 Ne5 23. Ke2 Bb6 24. Rxd8+ Rxd8 25. Bf4 Nd3 26. Ra1 Nxf4+ 27. gxf4 h6 28. Rd1 Rxd1 29. Kxd1 Kf8 30. Ke2 Ke7 31. e5 Bd4 32. Bxc6 b4 33. Kd3 Bxb2 34. Ke4 f6 35. Kf5 fxe5 36. fxe5 a5 37. Bb5 Bc3 38. Ba4 Bb2 39. Bb5 1/2-1/2

[Event "EU-ch blitz"]
[Site "Katowice"]
[Date "2017.12.15"]
[Round "18"]
[White "Tomczak, Mikolaj"]
[Black "Stenner, Patrick"]
[Result "1-0"]
[WhiteElo "2372"]
[BlackElo "2248"]
[PlyCount "70"]
[EventDate "2017.12.15"]
[EventType "swiss (blitz)"]
[EventRounds "22"]
[EventCountry "POL"]
[SourceTitle "CBM 182 Extra"]
[Source "ChessBase"]
[SourceDate "2018.02.23"]
[SourceVersion "1"]
[SourceVersionDate "2018.02.23"]
[SourceQuality "1"]

1. d4 g6 2. c4 Bg7 3. Nf3 e6 4. Nc3 Ne7 5. g3 b6 6. Bg2 Bb7 7. 0-0 0-0 8. Bd2 d6 9. Rc1 Nd7 10. e4 c5 11. h3 cxd4 12. Nb5 Bxe4 13. Nxd6 Bc6 14. b4 Rb8 15. Bg5 e5 16. Re1 f6 17. Bd2 Nc8 18. Nxc8 Qxc8 19. h4 Qb7 20. b5 Be4 21. Bb4 Nc5 22. Bxc5 bxc5 23. h5 Bh6 24. Rxe4 Qxe4 25. Nh4 Qxg2+ 26. Kxg2 Bxc1 27. Qxc1 Kg7 28. Qd1 f5 29. Qd2 f4 30. Qe2 Rbe8 31. Qg4 fxg3 32. fxg3 e4 33. hxg6 e3 34. Qd7+ Kh6 35. Qxh7+ Kg5 1-0

[Event "Oberliga Nord N 1617"]
[Site "Germany"]
[Date "2017.05.07"]
[Round "9.7"]
[White "Wolf, Christoph"]
[Black "Stenner, Patrick"]
[Result "1/2-1/2"]
[WhiteElo "2173"]
[BlackElo "2219"]
[PlyCount "76"]
[EventDate "2016.10.16"]
[EventType "team-tourn"]
[EventRounds "9"]
[EventCountry "GER"]
[SourceTitle "EXT 2018"]
[Source "ChessBase"]
[SourceDate "2017.10.13"]
[SourceVersion "1"]
[SourceVersionDate "2017.10.13"]
[SourceQuality "1"]
[WhiteTeam "Schwerin"]
[BlackTeam "St Pauli"]
[WhiteTeamCountry "GER"]
[BlackTeamCountry "GER"]

1. e4 c6 2. d4 d5 3. exd5 cxd5 4. Bd3 Nc6 5. c3 Nf6 6. Bf4 Bg4 7. Qb3 e5 8. dxe5 Nh5 9. Be3 Nxe5 10. Bb5+ Nc6 11. Be2 Bxe2 12. Nxe2 Qd7 13. Nd2 Be7 14. 0-0 0-0 15. Nf3 Rfd8 16. Rad1 h6 17. Rfe1 Rac8 18. Ned4 Bd6 19. Qc2 Nf6 20. Qf5 Ng4 21. Qxd7 Rxd7 22. Bc1 Bc5 23. h3 Nf6 24. Be3 Bb6 25. Nf5 Bxe3 26. Rxe3 Kf8 27. Kf1 b5 28. Ne5 Nxe5 29. Rxe5 Rb8 30. Rd4 a5 31. a3 b4 32. cxb4 axb4 33. axb4 Rdb7 34. Ne3 Rxb4 35. Rxb4 Rxb4 36. Nxd5 Nxd5 37. Rxd5 Rxb2 38. Rd7 g6 1/2-1/2

[Event "Oberliga Nord N 1617"]
[Site "Germany"]
[Date "2017.02.19"]
[Round "6.8"]
[White "Hein, Andreas"]
[Black "Stenner, Patrick"]
[Result "0-1"]
[WhiteElo "1837"]
[BlackElo "2219"]
[PlyCount "146"]
[EventDate "2016.10.16"]
[EventType "team-tourn"]
[EventRounds "9"]
[EventCountry "GER"]
[SourceTitle "EXT 2018"]
[Source "ChessBase"]
[SourceDate "2017.10.13"]
[SourceVersion "1"]
[SourceVersionDate "2017.10.13"]
[SourceQuality "1"]
[WhiteTeam "Neumuenster Agon"]
[BlackTeam "St Pauli"]
[WhiteTeamCountry "GER"]
[BlackTeamCountry "GER"]

1. d4 g6 2. e4 c6 3. Nf3 d5 4. Nc3 dxe4 5. Nxe4 Nf6 6. Nxf6+ exf6 7. Be2 Bg7 8. 0-0 0-0 9. Re1 a5 10. Be3 Na6 11. Qd2 Re8 12. c3 Nc7 13. Bh6 Bh8 14. Rad1 Be6 15. c4 Qd7 16. b3 Red8 17. Bf4 Bg7 18. Bh6 Qd6 19. Bf4 Qd7 20. Bh6 Qe7 21. Bxg7 Kxg7 22. h4 h5 23. Qc3 Qb4 24. Rc1 Bg4 25. Qe3 a4 26. Kf1 axb3 27. axb3 Ra3 28. Rc3 Re8 29. Qd3 Bf5 30. Qd2 Rxb3 31. Rxb3 Qxb3 32. Rc1 Be4 33. Ne1 Qa3 34. Bf3 Qd6 35. Bxe4 Rxe4 36. Nf3 b5 37. Qc2 Re7 38. cxb5 cxb5 39. Qc5 Qf4 40. Rd1 Rd7 41. Qc6 Qf5 42. Qb7 Nd5 43. Qb8 Nf4 44. Ra1 Re7 45. Ne1 Qe4 46. Qxb5 Qxd4 47. Qa4 Qd2 48. Qd1 Qb4 49. g3 Qb7 50. Nf3 Rd7 51. Qxd7 Qxd7 52. gxf4 Qg4 53. Ra3 Qxf4 54. Re3 Kh6 55. Kg2 g5 56. hxg5+ fxg5 57. Ne5 f6 58. Nd3 Qg4+ 59. Kh2 h4 60. Ne1 Qf4+ 61. Kg2 Kg6 62. Nd3 Qf5 63. Kh2 g4 64. Kg2 Kg5 65. Kh2 Qd5 66. Kg1 h3 67. Ne1 Qd1 68. Re8 Kf5 69. Re3 Kf4 70. Kh2 Qb1 71. Nd3+ Kg5 72. Nc5 Qf1 73. Ne4+ Kf4 0-1

[Event "Oberliga Nord N 1617"]
[Site "Germany"]
[Date "2016.11.20"]
[Round "2.8"]
[White "Krause, Ullrich"]
[Black "Stenner, Patrick"]
[Result "1/2-1/2"]
[WhiteElo "2210"]
[BlackElo "2219"]
[PlyCount "61"]
[EventDate "2016.10.16"]
[EventType "team-tourn"]
[EventRounds "9"]
[EventCountry "GER"]
[SourceTitle "EXT 2018"]
[Source "ChessBase"]
[SourceDate "2017.10.13"]
[SourceVersion "1"]
[SourceVersionDate "2017.10.13"]
[SourceQuality "1"]
[WhiteTeam "Luebeck"]
[BlackTeam "St Pauli"]
[WhiteTeamCountry "GER"]
[BlackTeamCountry "GER"]

1. Nf3 Nf6 2. c4 c6 3. d4 d5 4. e3 a6 5. Bd3 dxc4 6. Bxc4 e6 7. 0-0 c5 8. Qe2 Nc6 9. a4 cxd4 10. Rd1 Qc7 11. exd4 Be7 12. Nc3 0-0 13. Bg5 Rd8 14. Rac1 Nd5 15. Bxd5 exd5 16. Bxe7 Qxe7 17. Qxe7 Nxe7 18. Re1 Kf8 19. Ne5 Bf5 20. g4 Be6 21. f3 Rac8 22. Ne2 Rd6 23. Nf4 Ke8 24. Nxe6 Rxe6 25. Rxc8+ Nxc8 26. Rc1 Ne7 27. Kf2 Rb6 28. Nd3 Rb3 29. Ke3 Nc6 30. Rc3 Rxc3 31. bxc3 1/2-1/2

[Event "Oberliga Nord N 1617"]
[Site "Germany"]
[Date "2016.10.16"]
[Round "1.8"]
[White "Stenner, Patrick"]
[Black "Kugler, Florian"]
[Result "1/2-1/2"]
[WhiteElo "2219"]
[BlackElo "2223"]
[PlyCount "64"]
[EventDate "2016.10.16"]
[EventType "team-tourn"]
[EventRounds "9"]
[EventCountry "GER"]
[SourceTitle "EXT 2018"]
[Source "ChessBase"]
[SourceDate "2017.10.13"]
[SourceVersion "1"]
[SourceVersionDate "2017.10.13"]
[SourceQuality "1"]
[WhiteTeam "St Pauli"]
[BlackTeam "Hamburger SK"]
[WhiteTeamCountry "GER"]
[BlackTeamCountry "GER"]

1. e4 c5 2. Nc3 Nc6 3. f4 g6 4. Nf3 Bg7 5. Bb5 Nd4 6. Bd3 e6 7. Nxd4 cxd4 8. Nb5 d6 9. c3 dxc3 10. bxc3 Bf8 11. Qa4 Bd7 12. Qd4 Nf6 13. 0-0 a6 14. Nxd6+ Bxd6 15. Qxd6 Bc6 16. e5 Qxd6 17. exd6 0-0-0 18. Ba3 Ne8 19. Be2 Nxd6 20. d3 h5 21. Bc5 Nf5 22. Kf2 Bb5 23. Rfd1 Rd7 24. a4 Bc6 25. Rdb1 Rhd8 26. Bb6 Re8 27. Bf1 Rh8 28. g3 Re8 29. Re1 Rd6 30. Bc5 Rd7 31. Bb6 Rd6 32. Bc5 Rd7 1/2-1/2

[Event "Oberliga Nord N 1516"]
[Site "Germany"]
[Date "2016.02.21"]
[Round "7.5"]
[White "Bromann, Thorbjorn"]
[Black "Stenner, Patrick"]
[Result "1-0"]
[WhiteElo "2450"]
[BlackElo "2225"]
[PlyCount "78"]
[EventDate "2015.09.20"]
[EventType "team-tourn"]
[EventRounds "9"]
[EventCountry "GER"]
[SourceTitle "EXT 2017"]
[Source "ChessBase"]
[SourceDate "2016.10.25"]
[SourceVersion "1"]
[SourceVersionDate "2016.10.25"]
[SourceQuality "1"]
[WhiteTeam "Kiel Turm"]
[BlackTeam "St Pauli"]
[WhiteTeamCountry "GER"]
[BlackTeamCountry "GER"]

1. d4 d5 2. Nc3 Nf6 3. Bf4 c5 4. e3 cxd4 5. exd4 a6 6. Nf3 Nc6 7. Ne5 g6 8. Qd2 Bg7 9. Be2 Be6 10. h4 Rc8 11. h5 gxh5 12. f3 b5 13. a4 Qa5 14. Nxc6 Rxc6 15. Kf2 b4 16. Na2 Bf5 17. Nxb4 Re6 18. c3 Rg8 19. Nd3 Bxd3 20. Bxd3 Qb6 21. a5 Qc6 22. Bf5 Rd6 23. Bxd6 Qxd6 24. Rh3 Bh6 25. Qe2 Qf4 26. Re1 e6 27. Bd3 Ng4+ 28. Kf1 Ne3+ 29. Qxe3 Qxe3 30. Rxe3 Bxe3 31. Bxa6 Ke7 32. Bb7 Kd6 33. Rxh5 Bc1 34. b3 Rg7 35. c4 Be3 36. cxd5 Bxd4 37. dxe6 fxe6 38. a6 Rc7 39. Ke2 Rc3 1-0

[Event "Oberliga Nord N 1516"]
[Site "Germany"]
[Date "2015.09.20"]
[Round "1.4"]
[White "Zart, Ruediger"]
[Black "Stenner, Patrick"]
[Result "1-0"]
[WhiteElo "2163"]
[BlackElo "2256"]
[PlyCount "99"]
[EventDate "2015.09.20"]
[EventType "team-tourn"]
[EventRounds "9"]
[EventCountry "GER"]
[SourceTitle "CBM 170 Extra"]
[Source "ChessBase"]
[SourceDate "2016.02.25"]
[SourceVersion "1"]
[SourceVersionDate "2016.02.25"]
[SourceQuality "1"]
[WhiteTeam "Eppendorf Johanneum"]
[BlackTeam "St Pauli"]
[WhiteTeamCountry "GER"]
[BlackTeamCountry "GER"]

1. d4 e6 2. e4 g6 3. c4 Bg7 4. Nf3 Ne7 5. Be2 0-0 6. 0-0 d5 7. Nc3 Nbc6 8. e5 Na5 9. c5 Nac6 10. Rb1 f6 11. exf6 Bxf6 12. Be3 e5 13. dxe5 Nxe5 14. Nxe5 Bxe5 15. Bd4 Bf4 16. Bf3 c6 17. Re1 Nf5 18. Be5 Bxe5 19. Rxe5 Nh4 20. Bxd5+ cxd5 21. Nxd5 Bh3 22. Qa4 Bd7 23. Qc4 Rf7 24. Rbe1 Nf5 25. Ne7+ Kf8 26. Nxf5 Bxf5 27. Qc3 Qf6 28. b4 Bd7 29. Qe3 Kg7 30. f3 a5 31. b5 Bxb5 32. Re6 Qb2 33. h4 Kf8 34. h5 Re8 35. Rxe8+ Bxe8 36. Qxe8+ Kg7 37. Qe3 gxh5 38. Qg5+ Kf8 39. Rd1 Qf6 40. Qxh5 Rc7 41. Rd6 Qf4 42. Rd8+ Kg7 43. Rd5 Kf6 44. Qe8 Qc1+ 45. Kh2 Qh6+ 46. Rh5 Qf4+ 47. Kh3 Kg7 48. g3 Qf7 49. Qe5+ Kg6 50. Qg5# 1-0

[Event "Oberliga Nord N 1415"]
[Site "Germany"]
[Date "2015.04.12"]
[Round "9.5"]
[White "Stenner, Patrick"]
[Black "Wagner, Ralph"]
[Result "1-0"]
[WhiteElo "2200"]
[BlackElo "2131"]
[PlyCount "76"]
[EventDate "2014.09.21"]
[EventType "team-tourn"]
[EventRounds "9"]
[EventCountry "GER"]
[SourceTitle "EXT 2016"]
[Source "ChessBase"]
[SourceDate "2015.10.08"]
[SourceVersion "1"]
[SourceVersionDate "2015.10.08"]
[SourceQuality "1"]
[WhiteTeam "Hamburg St Pauli"]
[BlackTeam "Schwerin II"]
[WhiteTeamCountry "GER"]
[BlackTeamCountry "GER"]

1. e4 e6 2. d4 d5 3. Nd2 Nf6 4. e5 Nfd7 5. Bd3 c5 6. c3 Nc6 7. Ne2 cxd4 8. cxd4 f6 9. exf6 Qxf6 10. Nf3 Bd6 11. Bg5 Qf7 12. Bh4 h6 13. Qb1 Nf8 14. 0-0 Bd7 15. Bg3 Qe7 16. a3 Kf7 17. Nf4 g5 18. Bg6+ Kg8 19. Nh5 Rd8 20. Qd3 Bb8 21. Ne5 Bxe5 22. dxe5 Nd4 23. Qxd4 Nxg6 24. Qxa7 Bc6 25. Qd4 Kh7 26. h4 Rhf8 27. Nf6+ Kg7 28. hxg5 hxg5 29. Qg4 Rxf6 30. exf6+ Qxf6 31. Rac1 e5 32. b4 Kg8 33. a4 Bxa4 34. Rc7 Bc6 35. Qh5 Rd7 36. Rc8+ Kg7 37. Re1 Re7 38. Ra1 Nf8 1-0

[Event "Oberliga Nord N 1415"]
[Site "Germany"]
[Date "2015.03.15"]
[Round "8.5"]
[White "Jahncke, Giso"]
[Black "Stenner, Patrick"]
[Result "1/2-1/2"]
[WhiteElo "2270"]
[BlackElo "2200"]
[PlyCount "81"]
[EventDate "2014.09.21"]
[EventType "team-tourn"]
[EventRounds "9"]
[EventCountry "GER"]
[SourceTitle "EXT 2016"]
[Source "ChessBase"]
[SourceDate "2015.10.08"]
[SourceVersion "1"]
[SourceVersionDate "2015.10.08"]
[SourceQuality "1"]
[WhiteTeam "Preetz"]
[BlackTeam "Hamburg St Pauli"]
[WhiteTeamCountry "GER"]
[BlackTeamCountry "GER"]

1. Nf3 g6 2. d4 Bg7 3. c4 e6 4. e4 Ne7 5. Nc3 0-0 6. h4 d5 7. h5 c5 8. dxc5 Qa5 9. Bd2 Qxc5 10. Qc1 Re8 11. hxg6 Nxg6 12. Bh6 Qf8 13. Bxg7 Qxg7 14. Ng5 h6 15. Nf3 Bd7 16. Qxh6 Qxh6 17. Rxh6 Bc6 18. 0-0-0 Kg7 19. Rh3 dxe4 20. Nd4 f5 21. Ncb5 Na6 22. Ra3 Bxb5 23. Nxb5 Re7 24. f3 exf3 25. Rxf3 Nc5 26. b4 Ne4 27. Bd3 a6 28. Nd4 Rc8 29. Bxe4 fxe4 30. Re3 Kf6 31. Ree1 e5 32. Nb3 Kf5 33. Nc5 Nf4 34. Nxe4 Rd8 35. Kb1 Rd4 36. Ng3+ Kg4 37. Nf1 Nd3 38. Nh2+ Kg3 39. Nf3 Nxe1 40. Nxd4 Kxg2 41. Nf5 1/2-1/2